<?xml version="1.0" encoding="UTF-8"?>
<record
    xmlns:xsi="http://www.w3.org/2001/XMLSchema-instance"
    xsi:schemaLocation="http://www.loc.gov/MARC21/slim http://www.loc.gov/standards/marcxml/schema/MARC21slim.xsd"
    xmlns="http://www.loc.gov/MARC21/slim">

  <leader>03407cas a2200409   4500</leader>
  <controlfield tag="001">11203985</controlfield>
  <controlfield tag="005">20250915102313.0</controlfield>
  <controlfield tag="008">770124c19769999deutr p   wgv 0   a0eng  </controlfield>
  <datafield tag="010" ind1=" " ind2=" ">
    <subfield code="a">   76648400 </subfield>
  </datafield>
  <datafield tag="022" ind1=" " ind2=" ">
    <subfield code="a">0364-9490</subfield>
    <subfield code="l">0364-9490</subfield>
    <subfield code="2">1</subfield>
  </datafield>
  <datafield tag="035" ind1=" " ind2=" ">
    <subfield code="a">11203985</subfield>
  </datafield>
  <datafield tag="035" ind1=" " ind2=" ">
    <subfield code="a">(OCoLC)2696675</subfield>
  </datafield>
  <datafield tag="037" ind1=" " ind2=" ">
    <subfield code="b">Widener University School of Law, 4601 Concord Pike, Post Office Box 7474, Wilmington, DE 19803</subfield>
  </datafield>
  <datafield tag="040" ind1=" " ind2=" ">
    <subfield code="a">DLC</subfield>
    <subfield code="b">eng</subfield>
    <subfield code="c">DLC</subfield>
    <subfield code="d">OCL</subfield>
    <subfield code="d">NST</subfield>
    <subfield code="d">AIP</subfield>
    <subfield code="d">DLC</subfield>
    <subfield code="d">NSD</subfield>
    <subfield code="d">AIP</subfield>
    <subfield code="d">NST</subfield>
    <subfield code="d">OCL</subfield>
    <subfield code="d">NYG</subfield>
    <subfield code="d">EBZ</subfield>
    <subfield code="d">SYS</subfield>
    <subfield code="d">OCLCQ</subfield>
    <subfield code="d">ZCU</subfield>
    <subfield code="d">DLC</subfield>
    <subfield code="d">NLA</subfield>
    <subfield code="d">OCLCQ</subfield>
    <subfield code="d">OCLCO</subfield>
    <subfield code="d">OCLCF</subfield>
    <subfield code="d">YLS</subfield>
    <subfield code="d">OCLCO</subfield>
    <subfield code="d">FJM</subfield>
    <subfield code="d">OCLCA</subfield>
    <subfield code="d">OCL</subfield>
    <subfield code="d">OCLCO</subfield>
    <subfield code="d">OCLCA</subfield>
    <subfield code="d">IL4J6</subfield>
    <subfield code="d">OCLCO</subfield>
    <subfield code="d">OCLCQ</subfield>
    <subfield code="d">OCLCL</subfield>
  </datafield>
  <datafield tag="042" ind1=" " ind2=" ">
    <subfield code="a">pcc</subfield>
    <subfield code="a">nsdp</subfield>
  </datafield>
  <datafield tag="043" ind1=" " ind2=" ">
    <subfield code="a">n-us-de</subfield>
  </datafield>
  <datafield tag="050" ind1="0" ind2="0">
    <subfield code="a">K4</subfield>
    <subfield code="b">.E38</subfield>
  </datafield>
  <datafield tag="050" ind1="0" ind2="4">
    <subfield code="a">KF1397</subfield>
    <subfield code="b">.D44</subfield>
  </datafield>
  <datafield tag="210" ind1="0" ind2=" ">
    <subfield code="a">Del. j. corp. law</subfield>
  </datafield>
  <datafield tag="222" ind1=" " ind2="4">
    <subfield code="a">The Delaware journal of corporate law</subfield>
  </datafield>
  <datafield tag="245" ind1="0" ind2="4">
    <subfield code="a">The Delaware journal of corporate law.</subfield>
  </datafield>
  <datafield tag="260" ind1=" " ind2=" ">
    <subfield code="3">1976-&lt;1978&gt;:</subfield>
    <subfield code="a">[Wilmington,</subfield>
    <subfield code="b">Delaware Law School of Widener College]</subfield>
    <subfield code="c">1976-</subfield>
  </datafield>
  <datafield tag="264" ind1="2" ind2="1">
    <subfield code="3">&lt;1979-&gt;:</subfield>
    <subfield code="a">Wilmington :</subfield>
    <subfield code="b">Delaware Law School, Widener University</subfield>
  </datafield>
  <datafield tag="264" ind1="3" ind2="1">
    <subfield code="3">&lt;1992-&gt;:</subfield>
    <subfield code="a">Wilmington :</subfield>
    <subfield code="b">Widener University School of Law</subfield>
  </datafield>
  <datafield tag="300" ind1=" " ind2=" ">
    <subfield code="a">v.</subfield>
    <subfield code="c">25 cm.</subfield>
  </datafield>
  <datafield tag="310" ind1=" " ind2=" ">
    <subfield code="a">Three nos. a year,</subfield>
    <subfield code="b">&lt;1977&gt;-</subfield>
  </datafield>
  <datafield tag="321" ind1=" " ind2=" ">
    <subfield code="a">Semiannual</subfield>
  </datafield>
  <datafield tag="520" ind1=" " ind2=" ">
    <subfield code="a">The Delaware Journal of Corporate Law is a student-edited publication that was established in 1975 at Widener University Delaware Law School as a medium for business-law practitioners to stay abreast of critical issues and changes within their areas of expertise. It is Widener University Delaware Law School&#x2019;s original, and most established, law review publication.

For the past fifty years, the Journal has provided the nation&#x2019;s business law community with a reference source of well-researched and analytical discussion on issues of timely importance. Today, the Journal is one of the nation&#x2019;s most prestigious legal specialty journals and continuously receives national recognition for its thought-provoking articles on corporate law.

Our focus is most appropriate for scholarly publication in Delaware&#x2014;the cradle of American corporate activity. Delaware boasts incorporation by the majority of Fortune 500 companies and has consistently maintained its pre-eminence on cutting-edge corporate law and governance issues. Members of the bench and corporate bar read the Journal for insightful commentary on complex corporate matters and recent decisions.

Even though the Journal maintains a focus on corporate law and governance, the scope of our articles is extremely broad. We publish articles on subjects that are that fall within the scope of the American Bar Association&#x2019;s Business Law Section, which includes topics such as intellectual property, international business law, and environmental, energy, and natural resources law. The Journal Blog is focused on publishing short, yet concise, articles in a timely manner on the trending topics and recent developments in all things corporate and business law.</subfield>
  </datafield>
  <datafield tag="650" ind1=" " ind2="0">
    <subfield code="a">Corporation law</subfield>
    <subfield code="z">Delaware</subfield>
    <subfield code="v">Periodicals.</subfield>
  </datafield>
  <datafield tag="655" ind1=" " ind2="0">
    <subfield code="a">Periodicals</subfield>
    <subfield code="9">23543</subfield>
  </datafield>
  <datafield tag="655" ind1=" " ind2="0">
    <subfield code="a">Law reviews.</subfield>
    <subfield code="9">25870</subfield>
  </datafield>
  <datafield tag="710" ind1=" " ind2=" ">
    <subfield code="a">Widener College.</subfield>
    <subfield code="b">Delaware Law School,</subfield>
    <subfield code="e">issuing body.</subfield>
  </datafield>
  <datafield tag="710" ind1="2" ind2=" ">
    <subfield code="a">Widener University.</subfield>
    <subfield code="b">Delaware Law School,</subfield>
    <subfield code="e">issuing body.</subfield>
  </datafield>
  <datafield tag="710" ind1="2" ind2=" ">
    <subfield code="a">Widener University.</subfield>
    <subfield code="b">School of Law,</subfield>
    <subfield code="e">issuing body.</subfield>
  </datafield>
  <datafield tag="856" ind1=" " ind2=" ">
    <subfield code="u">https://bibliotheque.tbs-education.fr/Default/doc/PUBFINDER/edp22740/delaware-journal-of-corporate-law</subfield>
  </datafield>
  <datafield tag="942" ind1=" " ind2=" ">
    <subfield code="2">lcc</subfield>
  </datafield>
  <datafield tag="952" ind1=" " ind2=" ">
    <subfield code="0">0</subfield>
    <subfield code="1">0</subfield>
    <subfield code="2">lcc</subfield>
    <subfield code="4">0</subfield>
    <subfield code="7">0</subfield>
    <subfield code="a">TBS</subfield>
    <subfield code="b">TBS</subfield>
    <subfield code="d">2025-09-15</subfield>
    <subfield code="l">0</subfield>
    <subfield code="r">2025-09-15</subfield>
    <subfield code="u">https://bibliotheque.tbs-education.fr/Default/doc/PUBFINDER/edp22740/delaware-journal-of-corporate-law</subfield>
    <subfield code="w">2025-09-15</subfield>
    <subfield code="y">18</subfield>
  </datafield>
  <datafield tag="999" ind1=" " ind2=" ">
    <subfield code="c">4939</subfield>
    <subfield code="d">4939</subfield>
  </datafield>
</record>
